000 00449nam a2200169Ia 4500
003 IN-BaIIA
008 211028s9999 xx 000 0 eng d
020 _a978 1483 144 71 9
040 _cIIA Library
080 _a621.1
_bJON-1
100 _aJones, E. B
_92906
245 0 _aInstrument technology
_bvol. 1
_cE. B. Jones
260 _aLondon
_bButterworths
_c1953
300 _axii, 315p.
650 _aInstrumentation technology
_92907
942 _cBK
999 _c1422
_d1422